Statistics for Words in countries

Click here to take the quiz!

General Stats

  • This quiz has been taken 229 times
    (80 since last reset)
  • The average score is 13 of 32

Answer Stats

HintAnswer% Correct
IceIceland
91%
MarkDenmark
72%
WaitKuwait
72%
ArmArmenia
71%
CityVatican City
71%
KeyTurkey
69%
ManyGermany
68%
SpaSpain
63%
WayNorway
62%
DiveMaldives
58%
WeZimbabwe, Sweden
58%
HadChad
54%
WedSweden
51%
LayMalaysia
49%
NameSuriname
46%
LoveSlovenia
40%
PinePhilippines
37%
LawMalawi
35%
HailThailand
35%
OldMoldova
29%
ApeCape Verde
26%
AllMarshall Islands
26%
GladBangladesh
23%
CentSaint Vincent and the Grenadines, Central African Republic
17%
OneSierra Leone, Indonesia
17%
GapSingapore
15%
BadBarbados
14%
TenLiechtenstein, Montenegro
14%
MiniDominica, Dominican Republic
12%
SandSaint Kitts and Nevis
11%
StarCosta Rica
3%
MeanSao Tomé and Principe
2%

Score Distribution

Percentile by Number Answered

Percent of People with Each Score

Your Score History

You have not taken this quiz since the last reset